All 6ix9ine Songs - Statistics

General Stats
  • This quiz has been taken 401 times
    162 since last reset
  • The average score is 15 of 41
Answer Stats
Album Song % Correct
TattleTales GOOBA
79%
Dummy Boy FEFE
75%
Day69 GUMMO
73%
Day69 KEKE
62%
Day69 BILLY
58%
Dummy Boy STOOPID
55%
Day69 KOODA
51%
Dummy Boy BEBE
50%
Dummy Boy TATI
50%
TattleTales TROLLZ
45%
Dummy Boy KIKA
44%
Dummy Boy MALA
44%
TattleTales PUNANI
41%
Day69 GOTTI
40%
TattleTales YAYA
40%
Dummy Boy DUMMY
39%
Dummy Boy MAMA
39%
Dummy Boy WAKA
37%
Dummy Boy KANGA
33%
Dummy Boy TIC TOC
32%
TattleTales TUTU
32%
TattleTales LOCKED UP PT. 2
28%
Day69 CHOCOLATÉ
26%
Day69 RONDO
26%
Dummy Boy FEEFA
25%
TattleTales NINI
25%
Single ZAZA
24%
TattleTales AVA
23%
Single GINÉ
22%
Day69 93
21%
TattleTales CHARLIE
21%
Day69 GUMMO (Remix)
21%
TattleTales WAIT
21%
Dummy Boy WONDO
21%
Day69 DOOWEE
20%
TattleTales GTL
20%
Day69 MOOKY
20%
Day69 BUBA
19%
TattleTales LEAH
19%
Single Bori
17%
TattleTales GATA
17%
No matching quizzes found
Score Distribution
Percent of People with Each Score
Percentile by Number Answered
Your Score History
You have not taken this quiz since the last reset